[Event "Pobeskydy op"]
[Site "Frydek Mistek"]
[Date "2008.03.20"]
[Round "1"]
[White "Hlavac, Rudolf"]
[Black "Macek, Leos"]
[Result "1-0"]
[WhiteElo "2106"]
[BlackElo "1803"]
[PlyCount "83"]
[EventDate "2008.03.20"]
[EventType "swiss"]
[EventRounds "9"]
[EventCountry "CZE"]
[SourceTitle "EXT 2010"]
[Source "ChessBase"]
[SourceDate "2010.11.25"]
[SourceVersion "1"]
[SourceVersionDate "2010.11.25"]
[SourceQuality "1"]

1. e4 c5 2. Nc3 d6 3. f4 Nc6 4. Nf3 Nf6 5. Bb5 Bd7 6. 0-0 e6 7. Kh1 g6 8. d3 a6 9. Bxc6 Bxc6 10. Qe1 Bg7 11. f5 Qd7 12. Bg5 0-0 13. Qh4 Nxe4 14. Nxe4 Bxe4 15. dxe4 exf5 16. exf5 Qxf5 17. Be7 Qxc2 18. Rf2 Qd3 19. Ng5 h6 20. Ne4 Qd4 21. Nxd6 Qxh4 22. Bxh4 g5 23. Bg3 Bd4 24. Rf3 b5 25. Raf1 Bxb2 26. Nxf7 Bg7 27. Bd6 Rfc8 28. Be5 Ra7 29. Bxg7 Kxg7 30. Nd6 Rd8 31. Nf5+ Kg6 32. Re3 c4 33. Re6+ Kf7 34. Rxh6 Rdd7 35. Rc6 Rd3 36. h3 c3 37. a3 c2 38. Rxc2 Rxa3 39. Rc6 b4 40. Rb6 a5 41. Nd6+ Kg7 42. Nb5 1-0

[Event "Janske Lazne op-B"]
[Site "Janske Lazne"]
[Date "2006.05.04"]
[Round "2"]
[White "Charvat, Vaclav"]
[Black "Macek, Leos"]
[Result "1/2-1/2"]
[WhiteElo "1568"]
[BlackElo "1503"]
[PlyCount "144"]
[EventDate "2006.??.??"]
[EventType "swiss"]
[EventRounds "9"]
[EventCountry "CZE"]
[SourceTitle "EXT 2008"]
[Source "ChessBase"]
[SourceDate "2007.11.25"]
[SourceVersion "1"]
[SourceVersionDate "2007.11.25"]
[SourceQuality "1"]

1. d4 d5 2. c4 e6 3. Nf3 Nf6 4. Bg5 Nbd7 5. Nc3 c6 6. e3 Qa5 7. Bxf6 Nxf6 8. Nd2 Bb4 9. Qb3 0-0 10. a3 Bd6 11. Qc2 Bd7 12. c5 Be7 13. b4 Qc7 14. Nf3 b6 15. Ne5 bxc5 16. bxc5 g6 17. Be2 Ne8 18. 0-0 f6 19. Nd3 Ng7 20. f4 Nf5 21. Qd2 Rab8 22. Nb4 Bc8 23. Rfb1 e5 24. fxe5 fxe5 25. Nc2 exd4 26. exd4 Rxb1+ 27. Rxb1 Bf6 28. Bf1 Qg7 29. Ne2 Ba6 30. Nf4 Bc8 31. Ne2 Re8 32. Rd1 Ba6 33. Re1 Bxe2 34. Bxe2 Re4 35. Bf3 Rxe1+ 36. Qxe1 Nxd4 37. Nb4 Nxf3+ 38. gxf3 Bd4+ 39. Kg2 Qf6 40. Qe8+ Kg7 41. Qd7+ Kh6 42. Qh3+ Kg7 43. Qd7+ Kf8 44. Nxc6 Qg5+ 45. Qg4 Qxg4+ 46. fxg4 Bxc5 47. a4 d4 48. Ne5 Ke7 49. Nd3 Kd6 50. Kf3 Bb6 51. Ke4 h6 52. Ne5 Ke6 53. Nxg6 Kf6 54. Nf4 Kg5 55. h3 Ba5 56. Ne6+ Kh4 57. Nxd4 Kxh3 58. Kf5 Kg3 59. Ne2+ Kh4 60. Nd4 Bb6 61. Nc6 Be3 62. Ne5 Bb6 63. Nd7 Be3 64. Nf6 a5 65. Nd7 h5 66. gxh5 Kxh5 67. Ne5 Bd2 68. Nc4 Bb4 69. Ke5 Kg6 70. Kd5 Kf6 71. Kc6 Ke7 72. Nb6 Kd8 1/2-1/2

[Event "Janske Lazne op-B"]
[Site "Janske Lazne"]
[Date "2006.05.04"]
[Round "3"]
[White "Macek, Leos"]
[Black "Svoboda, Jiri"]
[Result "1/2-1/2"]
[WhiteElo "1503"]
[BlackElo "1598"]
[PlyCount "54"]
[EventDate "2006.??.??"]
[EventType "swiss"]
[EventRounds "9"]
[EventCountry "CZE"]
[SourceTitle "EXT 2008"]
[Source "ChessBase"]
[SourceDate "2007.11.25"]
[SourceVersion "1"]
[SourceVersionDate "2007.11.25"]
[SourceQuality "1"]

1. e4 c5 2. Nf3 Nc6 3. d4 cxd4 4. Nxd4 g6 5. Nxc6 bxc6 6. c3 Bg7 7. Be3 Nf6 8. f3 0-0 9. Nd2 d5 10. Qc2 e5 11. Rd1 Qa5 12. b4 Qc7 13. Be2 Be6 14. a3 Nd7 15. exd5 cxd5 16. Rc1 d4 17. Bf2 Rfd8 18. 0-0 Nb6 19. Ne4 Bh6 20. cxd4 Qxc2 21. Rxc2 exd4 22. Nc5 Bf5 23. Bd3 Bxd3 24. Nxd3 Na4 25. Rc4 Be3 26. Re1 Nb6 27. Rc2 Re8 1/2-1/2